[Event "Prva liga Centralne Srbije 2010"]
[Site "Valjevo"]
[Date "2010.09.22"]
[Round "6.6"]
[White "Misojcic, Miroslav"]
[Black "Djokic, Nenad"]
[Result "0-1"]
[WhiteElo "2248"]
[BlackElo "2374"]
[PlyCount "112"]
[EventDate "2010.09.18"]

1. d4 Nf6 2. c4 c5 3. d5 b5 4. cxb5 a6 5. bxa6 g6 6. Nc3 Bxa6 7. e4 Bxf1 8.
Kxf1 d6 9. Bf4 Nbd7 10. Qd2 Qa5 11. Nge2 Qb4 12. f3 h5 13. Rb1 Bg7 14. h3 Nb6
15. b3 Nfd7 16. Kf2 Ne5 17. Rhd1 O-O 18. Bh6 Rfb8 19. Bxg7 Kxg7 20. Qe3 Ned7
21. Kg1 Re8 22. Kh1 Nc8 23. Rdc1 Na7 24. Nf4 Nb5 25. Nxb5 Qxb5 26. a4 Qa6 27.
Nd3 Nf6 28. Nb2 Reb8 29. Nc4 Rb4 30. Rd1 Rab8 31. Nd2 h4 32. Nc4 Qa7 33. Kh2
Qc7 34. Kh1 Qd8 35. a5 Qd7 36. a6 Qa7 37. Na5 Qxa6 38. Nc6 R8b7 39. Nxb4 Rxb4
40. e5 Nh5 41. Rbc1 Qb5 42. exd6 exd6 43. Qe7 Ng3+ 44. Kh2 Nf5 45. Qd8 Rxb3 46.
Re1 Qb4 47. Re4 Qd2 48. Rce1 Rb2 49. R1e2 Qxe2 50. Rxe2 Rxe2 51. Kg1 Rd2 52.
Kf1 Rxd5 53. Ke2 c4 54. Qa8 Rc5 55. Qa1+ c3 56. Kd1 Nd4 0-1

[Event "Prva liga Centralne Srbije 2010"]
[Site "Valjevo"]
[Date "2010.09.22"]
[Round "6.6"]
[White "Stankovic, Dragan P"]
[Black "Misic, Dragan"]
[Result "1/2-1/2"]
[WhiteElo "2287"]
[BlackElo "2300"]
[PlyCount "29"]
[EventDate "2010.09.18"]

1. g3 d5 2. Bg2 Nf6 3. b3 g6 4. Bb2 Bg7 5. Nf3 O-O 6. O-O c5 7. d3 Nc6 8. Nbd2
Qc7 9. a3 Re8 10. c4 d4 11. b4 cxb4 12. axb4 e5 13. b5 Nd8 14. Ne1 Ne6 15. Nc2
1/2-1/2

[Event "Prva liga Centralne Srbije 2010"]
[Site "Valjevo"]
[Date "2010.09.22"]
[Round "6.6"]
[White "Jokovic, Dragan"]
[Black "Micic, Nenad"]
[Result "0-1"]
[WhiteElo "2193"]
[BlackElo "2257"]
[PlyCount "72"]
[EventDate "2010.09.18"]

1. d4 Nf6 2. Bg5 e6 3. e4 h6 4. Bxf6 Qxf6 5. Nc3 Bb4 6. Qd2 d6 7. f4 e5 8. dxe5
dxe5 9. O-O-O exf4 10. e5 Qe7 11. Nge2 Be6 12. Qxf4 Qg5 13. Qxg5 hxg5 14. Nb5
Ba5 15. Nbd4 Rh6 16. b4 Bb6 17. c4 a6 18. Nc3 Bxd4 19. Rxd4 Nc6 20. Re4 Nxb4
21. a3 Nc6 22. Nd5 O-O-O 23. Ne3 Rh4 24. g4 Nd4 25. Bd3 Nb3+ 26. Kc2 Nc5 27.
Nd5 Nxe4 28. Bxe4 Rxg4 29. Bd3 g6 30. Ne3 Rgd4 31. Rd1 Kb8 32. Kc3 Bf5 33. Be2
Rxd1 34. Nxd1 Rh8 35. Kb4 Rxh2 36. Bf3 Be6 0-1